MARC

LEADER 00000nam0a2200000 4500
001 672559
005 20240517161352.0
035 |a (RuTPU)RU\TPU\book\134765 
090 |a 672559 
100 |a 20240517d1935 km|y0rusy50 ca 
101 0 |a rus 
102 |a RU 
105 |a a z 001zy 
181 0 |a i   |b  e  
182 0 |a n 
183 0 |a nc  |2 RDAcarrier 
200 1 |a К вопросу о потере устойчивости конструкцией крыла в полёте  |f Центральный аэрогидродинамический институт ; Е. П. Гроссман, С. С. Кричевский, А. А. Борин 
210 |a Москва  |c Издание Центрального аэро-гидродинамического института  |d 1935 
215 |a 62 с.  |c ил. 
225 1 |a Труды Центрального аэро-гидродинамического института  |v Вып. 202 
283 |a volume 
606 |a Аэродинамические установки  |2 stltpush  |3 (RuTPU)RU\TPU\subj\29887  |9 53119 
610 1 |a крыло 
610 1 |a аэродинамика 
610 1 |a устойчивость 
610 1 |a изгиб-кручение 
610 1 |a критические скорости 
610 1 |a вибрации 
610 1 |a статическое равновесие 
675 |a 533.6.07  |v 3 
700 |a Гроссман  |b Е. П. 
701 |a Кричевский  |b С. С. 
701 |a Борин  |b А. А. 
712 0 2 |a Центральный аэрогидродинамический институт (ЦАГИ)  |c (Москва)  |3 (RuTPU)RU\TPU\col\4446 
801 1 |a RU  |b 63413507  |c 20240517  |g PSBO 
801 2 |a RU  |b 63413507  |c 20240517  |g PSBO 
942 |c CR